00262nam a22000977a 4500082001000000100001000010245008500020260003000105526001900135650001000154 aP-147 aSaqib aComputerisation of engineer reconnissance and planing data bookcSaqib, Alauddin aRisalpurbMCEc19-4-2000. a0b0c0dP_147 aProjs